000 00238 a2200097 4500
090 _c3800
_d3800
100 _aAlan Kelly
245 _aVisual C++ in easy Steps
260 _aDreamtech Press
_bNew Delhi
_c2000
942 _aNBS
_cBK
_k005.118 KEL
999 _c346264
_d346264